Automatic process control for chemical engineers (Record no. 25223)

000 -LEADER
fixed length control field 00528nam a2200193 4500
001 - CONTROL NUMBER
control field 25223
003 - CONTROL NUMBER IDENTIFIER
control field BD-DhUET
008 - FIXED-LENGTH DATA ELEMENTS--GENERAL INFORMATION
fixed length control field 150304b1956 xxu||||| |||| 00| 0 eng d
040 ## - CATALOGING SOURCE
Original cataloging agency DLC
Transcribing agency DLC
Modifying agency BD-DhUET
082 ## - DEWEY DECIMAL CLASSIFICATION NUMBER
Classification number 660.28
Item number CEA/1956
100 ## - MAIN ENTRY--PERSONAL NAME
Personal name Ceaglaske, Norman H.
245 ## - TITLE STATEMENT
Title Automatic process control for chemical engineers
250 ## - EDITION STATEMENT
Edition statement 1st ed.
260 ## - PUBLICATION, DISTRIBUTION, ETC. (IMPRINT)
Place of publication, distribution, etc. New Delhi
Name of publisher, distributor, etc. Wiley Eastern
Date of publication, distribution, etc. 1956
300 ## - PHYSICAL DESCRIPTION
Extent xiv, 228 p.
Other physical details ill.
Dimensions 23 cm.
504 ## - BIBLIOGRAPHY, ETC. NOTE
Bibliography, etc Includes bibliographies
650 #0 - SUBJECT ADDED ENTRY--TOPICAL TERM
Topical term or geographic name as entry element Chemical engineering
942 ## - ADDED ENTRY ELEMENTS (KOHA)
Koha item type General Book
Holdings
Koha item type Copy number Koha date last seen Date acquired Source of classification or shelving scheme Not for loan Location (home branch) Damaged status Price effective from Koha full call number Koha normalized classification for sorting Piece designation (barcode) Withdrawn status Lost status Shelving location Sublocation or collection (holding branch)
General Book12015-05-132015-05-13  Central Library, BUET 2015-05-13660.28/CEA/1956660_280000000000000_CEA_195632624  Circulation sectionCentral Library, BUET
General Book22015-05-132015-05-13  Central Library, BUET 2015-05-13660.28/CEA/1956660_280000000000000_CEA_195632623  Circulation sectionCentral Library, BUET
General Book32015-05-132015-05-13  Central Library, BUET 2015-05-13660.28/CEA/1956660_280000000000000_CEA_195632622  Circulation sectionCentral Library, BUET
General Book42015-05-132015-05-13  Central Library, BUET 2015-05-13660.28/CEA/1956660_280000000000000_CEA_195632621  Circulation sectionCentral Library, BUET
General Book52015-05-132015-05-13  Central Library, BUET 2015-05-13660.28/CEA/1956660_280000000000000_CEA_195620928  Circulation sectionCentral Library, BUET
General Book62015-05-132015-05-13  Central Library, BUET 2015-05-13660.28/CEA/1956660_280000000000000_CEA_195637310  Circulation sectionCentral Library, BUET
General Book72015-05-132015-05-13  Central Library, BUET 2015-05-13660.28/CEA/1956660_280000000000000_CEA_195632625  Circulation sectionCentral Library, BUET
General Book82015-05-132015-05-13  Central Library, BUET 2015-05-13660.28/CEA/1956660_280000000000000_CEA_195611145  Circulation sectionCentral Library, BUET
General Book92015-05-132015-05-13  Central Library, BUET 2015-05-13660.28/CEA/1956660_280000000000000_CEA_195611148  Circulation sectionCentral Library, BUET
General Book102015-05-132015-05-13  Central Library, BUET 2015-05-13660.28/CEA/1956660_280000000000000_CEA_195611144  Circulation sectionCentral Library, BUET
General Book112015-05-132015-05-13  Central Library, BUET 2015-05-13660.28/CEA/1956660_280000000000000_CEA_195612431  Circulation sectionCentral Library, BUET
General Book122015-05-132015-05-13  Central Library, BUET 2015-05-13660.28/CEA/1956660_280000000000000_CEA_195610151  Circulation sectionCentral Library, BUET